00524 2200205 4500001002100000005001500021035002000036007000300056008004100059020001800100082001200118084001800130100001500148245004500163260004000208300002800248650001600276504001600292990001000308INLIS00000000000075220230829100108 a0010-0823000131ta230829 g 0 ind  a979-28-1817-8 a499.222 a499.222 RIA b0 aRiana Wati1 aBaratayudha :bBaratayudha /cRiana Wati aKlaten :bPT. Intan Pariwara,c2020 a68 Hal :bilus ;c25 Cm 4aBaratayudha aBibliografi a01527